La restauración ecológica como proyecto educativo : aportes teóricos y líneas de acción / (Registro nro. 513)

Detalles MARC
000 -LEADER
fixed length control field 00604nam a22002057a 4500
005 - DATE AND TIME OF LATEST TRANSACTION
control field 20251027110612.0
006 - FIXED-LENGTH DATA ELEMENTS--ADDITIONAL MATERIAL CHARACTERISTICS
fixed length control field a|||||r|||| 00| 0
007 - PHYSICAL DESCRIPTION FIXED FIELD--GENERAL INFORMATION
fixed length control field ta
008 - FIXED-LENGTH DATA ELEMENTS--GENERAL INFORMATION
fixed length control field 251027b2018 ag ||||| |||| 00| 0 spa d
020 ## - INTERNATIONAL STANDARD BOOK NUMBER
International Standard Book Number 9789876045179
040 ## - Fuente de catalogación
Agencia de catalogación original AR-EsCIE
Transcribing agency AR-EsCIE
245 13 - TITLE STATEMENT
Title La restauración ecológica como proyecto educativo : aportes teóricos y líneas de acción /
260 ## - PUBLICATION, DISTRIBUTION, ETC.
Place of publication, distribution, etc. Neuquén :
Name of publisher, distributor, etc. EDUCO,
Date of publication, distribution, etc. 2018.
300 ## - PHYSICAL DESCRIPTION
Extent 204 p.
Other physical details foto.
650 #4 - SUBJECT ADDED ENTRY--TOPICAL TERM
Topical term or geographic name entry element RESTAURACION
9 (RLIN) 339
700 1# - ADDED ENTRY--PERSONAL NAME
Personal name Gobbi, Miriam E.
9 (RLIN) 1078
Relator term ed.
700 1# - ADDED ENTRY--PERSONAL NAME
Personal name Aguilar, Alfonso
9 (RLIN) 1079
Relator term ed.
910 ## - Datos del catalogador
User-option data PG251027
942 ## - ADDED ENTRY ELEMENTS (KOHA)
Source of classification or shelving scheme Dewey Decimal Classification
Koha item type Books
Suppress in OPAC No
Existencias
Withdrawn status Lost status Source of classification or shelving scheme Damaged status Not for loan Home library Current library Date acquired Inventory number Total checkouts Full call number Date last seen Price effective from Koha item type
    Dewey Decimal Classification     CIEFAP CIEFAP 10/27/2025 00185   LB00170 10/27/2025 10/27/2025 Books